Portál verejných obstarávaní a eurofondov

Na minha lista:
Detalhes bibliográficos
Autor principal: Železník, Michal (Author)
Outros Autores: Jókay, Matúš (Thesis advisor)
Formato: Manuscrito Livro
Idioma:eslovaco
Publicado em: 2015
Assuntos:
Acesso em linha:http://is.stuba.sk/zp/portal_zp.pl?podrobnosti=111919
Tags: Adicionar Tag
Sem tags, seja o primeiro a adicionar uma tag!

MARC

LEADER 00000ntm a22000003a 4500
001 stuzp49723
003 SK-STU
005 20160719153351.1
007 ta
008 150427s2015----xo-----f-mn---000-0-slo-d
040 |a STU  |b slo 
041 0 |a slo 
100 1 |a Železník, Michal  |u 035000  |4 aut  |U FEI Fakulta elektrotechniky a informatiky  |T FEI Ústav informatiky a matematiky  |X 5884  |U E050  |Y 816  |7 A000005884 
242 0 1 |a Portal of public procurement and eurofonds  |y eng 
245 1 0 |a Portál verejných obstarávaní a eurofondov 
260 |c 2015 
300 |a 45 s., príl.  |b CD-ROM 
650 4 |a Android,  |2 slo 
650 4 |a web,  |2 slo 
650 4 |a verejné obstarávanie  |2 slo 
650 4 |a systém  |2 slo 
650 4 |a public procurement  |2 eng 
650 4 |a Android  |2 eng 
650 4 |a web  |2 eng 
650 4 |a application  |2 eng 
700 1 |a Jókay, Matúš  |4 ths  |X 10139  |7 A000010139 
856 4 |u http://is.stuba.sk/zp/portal_zp.pl?podrobnosti=111919 
996 |b 284EP11177  |c E*DIPL- 11177  |l EE35  |s P  |a 0  |w stuzp49723_0001 
SQL |a stuzp49723  |b DDP  |c SLO  |d Portál verejných obstarávaní a eurofondov  |e 5884  |f Železník, Michal  |g 035000  |h 10139  |i Jókay, Matúš  |j 20150617  |k 359  |l 03  |m http://is.stuba.sk/zp/portal_zp.pl?podrobnosti=111919  |n I-API  |o 9.2.9. aplikovaná informatika